[Event "Tourn. n9565"]
[Site "www.chess-mail.com"]
[Date "2017.12.18"]
[Round "1"]
[White "Tonino1"]
[Black "Falcoale"]
[WhiteElo "2230"]
[BlackElo "2010"]
[Result "1-0"]
[Round "1"]
1.d4 Ng8f6
2.f4 e6
3.e3 b6
4.Bf1d3 Bc8b7
5.Ng1f3 d6
6.O-O Nb8c6
7.c3 Bf8e7
8.Nb1d2 O-O
9.e4 d5
10.e5 Nf6d7
11.h4 Be7xh4
12.Nf3xh4 Qd8xh4
13.Rf1f3 Qh4e7
14.Bd3xh7 Kxh7
15.Rf3h3 Kg8
16.Qd1h5 f6
17.Nd2f3 Qe7e8
18.Qh5g4 Kf7
19.Nf3h4 f5
20.Qg4h5 Ke7
21.Nh4g6 Kd8
22.Ng6xf8 Qe8xf8
23.Qh5g5 Nc6e7
24.Bc1e3 Kc8
25.Kf2 Bb7c6
26.Rh3h7 Kb7
27.Rh7xg7 Ra8e8
28.Ra1h1 Bc6b5
29.Rh1h7 a5
30.Rg7xe7 Re8xe7
31.Qg5xe7 Qf8g8
32.Qe7g7 Qg8xg7
33.Rh7xg7 Ka6
34.Rg7e7 Kb7
35.Kf3 Nd7f8
36.g4 fxg4
37.Kxg4 Bb5d3
38.Re7f7 Nf8g6
39.Kg5 Kc6
40.Rf7f6 Kd7
41.Rf6xg6 Bd3xg6
42.Kxg6 Ke7
43.f5 exf5
44.Be3g5 Ke6
45.a4 c5
46.Bg5h6 { resign }
1-0

[Event "Tourn. n9587"]
[Site "www.chess-mail.com"]
[Date "2017.12.18"]
[Round "1"]
[White "Vios"]
[Black "Falcoale"]
[WhiteElo "2120"]
[BlackElo "2030"]
[Result "1-0"]
[Round "1"]
1.e4 c5
2.c3 Nb8c6
3.d4 cxd4
4.cxd4 e6
5.Nb1c3 Bf8b4
6.Bc1e3 Ng8f6
7.Bf1d3 a6
8.Ng1f3 d5
9.e5 Nf6d7
10.O-O O-O
11.Bd3xh7 Kxh7
12.Nf3g5 Kg8
13.Qd1h5 Qd8xg5
14.Qh5xg5 Bb4e7
15.Qg5g4 b5
16.Be3h6 g6
17.Bh6xf8 Nd7xf8
18.h4 Be7d8
19.h5 g5
20.Ra1d1 Nf8h7
21.f4 Nc6a5
22.b3 Bc8d7
23.fxg5 Nh7xg5
24.Nc3xd5 Bd7c6
25.Nd5f6 Bd8xf6
26.Rf1xf6 { resign }
1-0

[Event "Tourn. n9555"]
[Site "www.chess-mail.com"]
[Date "2017.12.18"]
[Round "1"]
[White "Norlavuaram"]
[Black "Falcoale"]
[WhiteElo "2130"]
[BlackElo "2010"]
[Result "0-1"]
[Round "1"]
1.e4 c5
2.Ng1f3 e6
3.c4 Nb8c6
4.Nb1c3 a6
5.d4 cxd4
6.Nf3xd4 Ng8f6
7.Bf1e2 Bf8b4
8.f3 O-O
9.Bc1e3 Nc6xd4
10.Qd1xd4 d6
11.O-O-O Qd8e7
12.g4 Nf6d7
13.h4 Bb4c5
14.Qd4d2 Rf8d8
15.Kb1 b6
16.h5 Nd7e5
17.f4 Ne5c6
18.g5 Bc8b7
19.g6 fxg6
20.hxg6 Bc5xe3
21.Qd2xe3 hxg6
22.Qe3h3 Kf7
23.Qh3g4 Nc6a5
24.Rd1g1 Ke8
25.Qg4xg6 Kd7
 { time }
0-1

[Event "Tourn. n9663"]
[Site "www.chess-mail.com"]
[Date "2017.12.18"]
[Round "1"]
[White "Falcoale"]
[Black "Caspito"]
[WhiteElo "1850"]
[BlackElo "1870"]
[Result "0-1"]
[Round "1"]
1.e4 e5
2.Ng1f3 Nb8c6
3.Bf1c4 Qd8f6
4.d3 h6
5.Nb1c3 Bf8b4
6.Bc1d2 Bb4xc3
7.bxc3 d6
8.d4 Bc8g4
9.d5 Nc6e7
10.Bc4e2 Bg4xf3
11.Be2xf3 Ne7g6
12.c4 Ng8e7
13.O-O O-O
14.Bd2e3 Ng6h4
15.Bf3g4 Qf6g6
16.Bg4h3 f5
17.exf5 Ne7xf5
18.Ra1b1 Nh4xg2
19.Bh3xg2 Nf5h4
{ resign }
0-1

[Event "Tourn. n9647"]
[Site "www.chess-mail.com"]
[Date "2017.12.18"]
[Round "1"]
[White "Vios"]
[Black "Fantomas"]
[WhiteElo "2290"]
[BlackElo "2200"]
[Result "1-0"]
[Round "1"]
1.e4 c6
2.d4 d5
3.f3 e6
4.e5 h6
5.f4 Ng8e7
6.Ng1f3 Ne7f5
7.Bf1d3 Nf5h4
8.O-O c5
9.c3 Nh4xf3
10.Qd1xf3 Nb8c6
11.Bc1e3 cxd4
12.cxd4 Qd8b6
13.Nb1c3 Qb6xb2
14.Nc3b5 { resign }
1-0

[Event "Match"]
[Site "www.echecsemail.com"]
[Date "2017.12.18"]
[Round "1"]
[White "Liencam2"]
[Black "Aniruddhadg"]
[WhiteElo "2270"]
[BlackElo "1809"]
[Result "1/2-1/2"]
[Round "1"]
1.e4 e6
2.d4 d5
3.Nb1d2 Bf8e7
4.Ng1f3 Ng8f6
5.e5 Nf6d7
6.Bf1d3 c5
7.c3 Nb8c6
8.O-O a5
9.Rf1e1 cxd4
10.cxd4 a4
11.Nd2f1 Nd7b6
12.Nf1g3 h5
13.Ng3e2 Bc8d7
14.Ne2f4 g5
15.Nf4e2 Nc6b4
16.Bd3b1 g4
17.Nf3d2 Bd7b5
18.Nd2f1 a3
19.bxa3 Bb5a4
{ draw }
1/2-1/2

[Event "Match"]
[Site "www.echecsemail.com"]
[Date "2017.12.18"]
[Round "1"]
[White "Krystek23"]
[Black "Gidi5"]
[WhiteElo "2460"]
[BlackElo "2340"]
[Result "1-0"]
[Round "1"]
1.c4 Ng8f6
2.Nb1c3 e6
3.g3 d5
4.d4 b6
5.Bf1g2 Bc8b7
6.Ng1f3 Bf8e7
7.O-O O-O
8.Nf3e5 Nb8d7
9.Qd1a4 Nd7xe5
10.dxe5 Nf6d7
11.f4 Nd7c5
12.Qa4c2 c6
13.Bc1e3 dxc4
14.Rf1d1 Qd8c7
15.Kh1 Ra8d8
16.Be3xc5 Be7xc5
17.Nc3e4 Rd8d4
18.Ne4xc5 bxc5
19.Bg2e4 Rf8d8
20.Be4xh7 Kh8
21.Bh7e4 Qc7a5
22.f5 exf5
23.Be4xf5 Rd4d2
24.Rd1xd2 Qa5xd2
25.Qc2xc4 Qd2d5
26.Qc4xd5 cxd5
27.Ra1c1 c4
28.Kg2 g6
29.Bf5g4 Kg7
30.b3 d4
31.Bg4f3 Bb7xf3
32.Kxf3 cxb3
33.axb3 Rd8b8
34.Ke4 Rb8xb3
35.Kxd4 Rb3b4
36.Ke3 Rb4b3
37.Kf4 Rb3b4
38.e4 a5
39.Rc1c7 g5
40.Kf5 Rb4b5
41.Rc7a7 g4
42.Kxg4 Rb5xe5
43.Kf4 Re5b5
44.e5 Kg6
45.Ra7a6 Kg7
46.h4 Rb5b4
47.Kf5 Rb4b3
48.g4 Rb3f3
49.Kg5 Rf3a3
50.e6 fxe6
51.Ra6a7 Kf8
52.h5 e5
53.h6 Kg8
54.Kg6 { resign }
1-0

[Event "1/128 Finale"]
[Site "www.chess-mail.com"]
[Date "2017.12.18"]
[Round "1"]
[White "Bluetealeaf"]
[Black "Esperanza"]
[WhiteElo "1620"]
[BlackElo "1940"]
[Result "0-1"]
[Round "1"]
1.e4 c5
2.Qd1f3 d6
3.d3 Nb8c6
4.c3 e5
5.Nb1d2 Ng8f6
6.h3 Bf8e7
7.Nd2c4 O-O
8.Ng1e2 b5
9.Nc4a3 a6
10.g4 d5
11.exd5 Qd8xd5
12.Qf3xd5 Nf6xd5
13.Bf1g2 Bc8e6
14.Bg2xd5 Be6xd5
15.Bc1e3 Bd5xh1
16.Kd2 Bh1g2
17.b4 cxb4
18.cxb4 Be7xb4
19.Kc2 Bb4xa3
20.Ne2c3 Ra8c8
21.Kb3 b4
22.Nc3a4 Nc6a5

0-1

[Event "Tourn. n9631"]
[Site "www.chess-mail.com"]
[Date "2017.12.19"]
[Round "1"]
[White "Picifarkinca"]
[Black "Sahlapalat"]
[WhiteElo "1620"]
[BlackElo "1679"]
[Result "1/2-1/2"]
[Round "1"]
1.d4 Ng8f6
2.c4 g6
3.Nb1c3 d5
4.e3 Bf8g7
5.Ng1f3 O-O
6.b3 c5
7.Bc1b2 cxd4
8.exd4 dxc4
9.Bf1xc4 a6
10.O-O b5
11.Bc4e2 Bc8b7
12.Ra1c1 Nb8c6
13.a3 Ra8c8
14.Rf1e1 e6
15.b4 Nc6e7
16.Nf3e5 Ne7d5
17.Be2f3 Nd5xc3
18.Bb2xc3 Bb7xf3
19.Qd1xf3 Qd8d5
20.Qf3xd5 Nf6xd5
21.Bc3d2 Rf8d8
22.Rc1xc8 Rd8xc8
23.Re1c1 Rc8xc1
24.Bd2xc1 Kf8
25.Bc1b2 Ke8
26.Kf1 Bg7xe5
27.dxe5 Kd7
28.g3 Nd5b6
29.f4 Kc6
30.Ke2 Kd5
31.Kd3 Nb6c4
32.Bb2c1 h5
33.h3 { draw }
1/2-1/2

[Event "Tourn. n9650"]
[Site "www.chess-mail.com"]
[Date "2017.12.19"]
[Round "1"]
[White "Dussek"]
[Black "Pangloss"]
[WhiteElo "1850"]
[BlackElo "1809"]
[Result "0-1"]
[Round "1"]
1.d4 Ng8f6
2.Ng1f3 b5
3.Bc1f4 Bc8b7
4.e3 a6
5.Bf1d3 g6
6.Nb1d2 Bf8g7
7.c3 O-O
8.h3 d6
9.e4 Nb8d7
10.g4 e5
11.Bf4g3 Rf8e8
12.d5 Nd7c5
13.Bd3c2 c6
14.c4 bxc4
15.Nd2xc4 Nc5xe4
16.Qd1e2 Ne4xg3
17.fxg3 cxd5
18.Nc4e3 d4
19.Ne3c4 Nf6d5
20.Bc2e4 Ra8b8
21.h4 Nd5b4
22.Be4xb7 Rb8xb7
23.b3 e4
24.Nf3g5 d3
25.Qe2d1 Bg7xa1
26.Qd1xa1 Nb4c2
{ resign }
0-1

[Event "Tourn. n9603"]
[Site "www.chess-mail.com"]
[Date "2017.12.19"]
[Round "1"]
[White "Tarasch"]
[Black "Hansen"]
[WhiteElo "1499"]
[BlackElo "1540"]
[Result "1-0"]
[Round "1"]
1.d4 Nb8c6
2.c4 e5
3.d5 Nc6b4
4.a3 Nb4a6
5.Nb1c3 Na6c5
6.e4 d6
7.Bf1e2 Ng8f6
8.Qd1c2 h6
9.b4 Nc5a6
10.h3 c5
11.dxc6 bxc6
12.Ng1f3 c5
13.bxc5 Na6xc5
14.Bc1e3 Nc5e6
15.O-O g5
16.Rf1d1 Rh8g8
17.Nf3xe5 Qd8a5
18.Ne5c6 Qa5c7
19.Nc6d4 Bc8a6
20.Qc2a4 Nf6d7
21.Qa4xa6 Ra8b8
22.Nc3d5 Qc7b7
23.Qa6xb7 Rb8xb7
24.Ra1b1 Rb7xb1
25.Rd1xb1 Nd7e5
26.Nd5f6 Ke7
27.Nf6xg8 Kd7
28.Nd4xe6 fxe6
29.Rb1b7 Kc8
30.Rb7xa7 Ne5g6
31.Be2h5 Ng6e5
32.Ra7a8 Kb7
33.Ra8xf8 Ne5d3
34.Bh5e8 h5
35.Be3xg5 Nd3e5
36.Be8b5 Ne5g6
37.Rf8f7 Kb6
38.Bg5d8 Kc5
39.a4 Ng6e5
40.a5 Ne5xf7
41.Bd8b6 Kb4
42.a6 Nf7e5
43.a7 { resign }
1-0

[Event "Tourn. n9522"]
[Site "www.chess-mail.com"]
[Date "2017.12.19"]
[Round "1"]
[White "Falcoale"]
[Black "Vios"]
[WhiteElo "1970"]
[BlackElo "2010"]
[Result "0-1"]
[Round "1"]
1.e4 c6
2.d4 d5
3.exd5 cxd5
4.Ng1f3 Ng8f6
5.c3 Nb8c6
6.h3 Bc8f5
7.Bf1e2 h6
8.O-O e6
9.Bc1f4 Bf8d6
10.Bf4xd6 Qd8xd6
11.Nb1d2 O-O
12.Nf3h2 a6
13.Nd2f3 Ra8c8
14.Rf1e1 b5
15.Nf3e5 Nc6xe5
16.dxe5 Qd6xe5
17.Be2xb5 Qe5d6
18.Bb5a4 Rc8b8
19.b3 Nf6e4
20.Ra1c1 Ne4xf2
21.Qd1d4 Nf2d3
22.c4 Nd3xe1
23.Rc1xe1 Qd6b4
24.Re1c1 Qb4a3
25.Rc1a1 Rb8c8
26.Nh2f1 dxc4
27.Nf1g3 Bf5g6
28.Ng3e2 Rf8d8
29.Qd4b6 c3
30.Ne2xc3 Rd8d6
31.Qb6b7 Rc8xc3
32.b4 Kh7
33.Ba4b3 Rc3c1
34.Ra1xc1 Qa3xc1
35.Kh2 Qc1f4
36.g3 Rd6d2
{ resign }
0-1

[Event "Tourn. n9525"]
[Site "www.chess-mail.com"]
[Date "2017.12.19"]
[Round "1"]
[White "Falcoale"]
[Black "Claymil"]
[WhiteElo "1950"]
[BlackElo "2080"]
[Result "1-0"]
[Round "1"]
1.e4 c5
2.Ng1f3 Nb8c6
3.b3 Ng8f6
4.d3 g6
5.h3 Bf8g7
6.Bc1b2 O-O
7.Nb1c3 a6
8.Bf1e2 e6
9.O-O b5
10.Qd1b1 Bc8b7
11.Qb1e1 Rf8e8
12.Nc3d1 d5
13.exd5 exd5
14.Ra1b1 d4
15.c3 Nf6d5
16.cxd4 Nd5f4
17.Nd1e3 cxd4
18.Rb1d1 dxe3
19.fxe3 Bg7xb2
20.exf4 Qd8d6
21.Qe1d2 Bb2g7
22.Nf3g5 Ra8d8
23.Ng5f3 Re8e7
24.Nf3h2 Rd8e8
25.Be2f3 Qd6d7
26.Bf3g4 f5
27.Bg4f3 Nc6d4
28.Bf3xb7 Qd7xb7
29.Nh2f3 Re7e2
30.Qd2b4 Qb7b6
31.Nf3xd4 Bg7xd4
32.Kh1 Re2xa2
33.Rd1d2 Ra2xd2
34.Qb4xd2 Bd4e3
35.Qd2a2 Re8d8
36.b4 Kg7
37.Rf1e1 Rd8xd3
38.Qa2c2 Rd3d2
39.Qc2c3 Qb6d4
40.Qc3xe3 Qd4xb4
41.Qe3a7 Kh6
42.Qa7xa6 Qb4xf4
43.Qa6xb5 Qf4g3
44.Re1g1 f4
45.Qb5b4 Rd2f2
46.Qb4f8 Kh5
47.Qf8c5 g5
48.Qc5f8 Qg3d3
49.Qf8f7 Qd3g6
50.Qf7d7 g4
51.Qd7d4 g3
52.Qd4c5 Qg6g5
53.Qc5c7 Qg5f5
54.Rg1e1 Kh4
55.Qc7e7 Qf5g5
56.Qe7xh7 Qg5h5
57.Qh7e7 Qh5g5
58.Qe7e6 Qg5b5
59.Qe6g4 { resign }
1-0

[Event "Tourn. n9588"]
[Site "www.chess-mail.com"]
[Date "2017.12.19"]
[Round "1"]
[White "Cal"]
[Black "Pachi"]
[WhiteElo "1670"]
[BlackElo "1640"]
[Result "0-1"]
[Round "1"]
1.d4 d5
2.e3 Ng8f6
3.h3 e6
4.a3 g6
5.Nb1c3 Bf8g7
6.b4 O-O
7.Ng1f3 b6
8.Bf1d3 a5
9.Bc1b2 Nf6d7
10.O-O c5
11.bxc5 bxc5
12.dxc5 Nd7xc5
13.Ra1b1 d4
14.exd4 Bg7xd4
15.Nc3b5 Bd4xb2
16.Rb1xb2 Qd8b6
17.Qd1c1 Rf8d8
18.Nb5d4 Qb6c7
19.Rf1e1 Nb8a6
20.Bd3f1 Bc8b7
21.c3 Bb7xf3
22.Nd4xf3 f6
23.Bf1xa6 Ra8xa6
24.c4 Nc5d3
25.Qc1h6 Nd3xb2
26.Re1xe6 Ra6xe6
27.g3 Nb2xc4
28.g4 Nc4xa3
29.Kg2 Na3c2
30.Qh6c1 f5
31.Nf3g5 Qc7c6
32.f3 Re6e2
33.Kg3 fxg4
34.hxg4 Qc6c7
35.Kh4 Qc7h2
36.Ng5h3 Nc2e3
37.Qc1c6 Ne3g2
38.Kg5 Qh2e5
39.Kh6 Qe5e3
40.g5 Ng2h4
41.Qc6c4 Kf8
42.Qc4c7 Nh4f5
43.Kxh7 Qe3e7
44.Qc7xe7 Re2xe7
45.Kxg6 Nf5h4
46.Kh5 Nh4xf3
47.g6 Kg7
48.Kg4 Nf3e5
49.Kf5 Ne5xg6
{ resign }
0-1

[Event "Tourn. n9599"]
[Site "www.chess-mail.com"]
[Date "2017.12.19"]
[Round "1"]
[White "Vios"]
[Black "Falcoale"]
[WhiteElo "2170"]
[BlackElo "2000"]
[Result "1-0"]
[Round "1"]
1.e4 c5
2.Ng1f3 Nb8c6
3.Bf1b5 a6
4.Bb5xc6 bxc6
5.O-O e6
6.d3 a5
7.b3 Bc8a6
8.Nb1c3 Ng8f6
9.e5 Nf6d5
10.Nc3e4 Bf8e7
11.c4 Nd5b6
12.Bc1a3 d6
13.exd6 Be7xd6
14.d4 Bd6e7
15.Ba3xc5 O-O
16.Nf3e5 Ba6b7
17.Bc5xb6 Qd8c8
18.Rf1e1 Be7b4
19.Re1e3 Ra8a6
20.Ne4f6 gxf6
21.Re3g3 Kh8
22.Qd1g4 { resign }
1-0

[Event "Tourn. n9647"]
[Site "www.chess-mail.com"]
[Date "2017.12.19"]
[Round "1"]
[White "Fantomas"]
[Black "Amaya"]
[WhiteElo "2200"]
[BlackElo "2130"]
[Result "1-0"]
[Round "1"]
1.e4 e6
2.d4 d5
3.exd5 Qd8xd5
4.Ng1f3 Ng8f6
5.h3 Bf8e7
6.Bf1e2 O-O
7.O-O Rf8d8
8.c3 Nb8d7
9.Bc1f4 c6
10.Qd1c1 Nf6e4
11.Nb1d2 Nd7f6
12.Nf3e5 Be7d6
13.Be2c4 Qd5a5
14.Nd2b3 Qa5a4
15.Bc4d3 h6
16.Rf1d1 b6
17.f3 Bd6xe5
18.dxe5 Nf6h5
19.Bd3xe4 Rd8xd1
20.Qc1xd1 Bc8a6
21.Bf4h2 f5
22.Be4d3 Ra8d8
23.Nb3d4 Ba6xd3
24.Qd1xa4 { resign }
1-0

[Event "Tourn. n9528"]
[Site "www.chess-mail.com"]
[Date "2017.12.19"]
[Round "1"]
[White "Faerieking"]
[Black "Ssharp"]
[WhiteElo "2240"]
[BlackElo "2200"]
[Result "0-1"]
[Round "1"]
1.e4 e6
2.d4 d5
3.e5 c5
4.c3 Nb8c6
5.Ng1f3 Qd8b6
6.Bf1d3 Bc8d7
7.Bd3c2 cxd4
8.cxd4 Bf8b4
9.Kf1 h6
10.h4 Bb4e7
11.g3 Ra8c8
12.Kg2 Qb6d8
13.Nb1c3 a6
14.Bc1e3 Nc6b4
15.Bc2b1 b5
16.a3 Nb4c6
17.Bb1d3 Nc6a5
18.Ra1c1 Na5c4
19.Qd1e2 Nc4xe3
20.fxe3 Be7f8
21.Nc3xb5 axb5
22.Bd3xb5 Ng8e7
23.b4 g6
24.a4 Bf8g7
25.Rc1c5 O-O
 { time }
0-1

[Event "Tourn. n9528"]
[Site "www.chess-mail.com"]
[Date "2017.12.19"]
[Round "1"]
[White "Faerieking"]
[Black "Seger"]
[WhiteElo "2240"]
[BlackElo "2710"]
[Result "0-1"]
[Round "1"]
1.e4 e5
2.Ng1f3 d6
3.d4 Bf8e7
4.dxe5 dxe5
5.Qd1xd8 Be7xd8
6.Nf3xe5 Ng8f6
7.Bf1d3 O-O
8.O-O Rf8e8
9.f4 Nb8a6
10.Bc1e3 Na6b4
11.Nb1c3 c6
12.a3 Nb4xd3
13.cxd3 Bd8c7
14.Ne5f3 Nf6g4
15.Be3d2 Ng4f6
16.e5 Nf6d7
17.d4 Nd7b6
18.Ra1d1 Nb6c4
19.Bd2c1 Bc7a5
20.b4 Ba5d8
 { time }
0-1

[Event "Tourn. n9654"]
[Site "www.chess-mail.com"]
[Date "2017.12.19"]
[Round "1"]
[White "Apdash"]
[Black "Bojan"]
[WhiteElo "2240"]
[BlackElo "2060"]
[Result "1-0"]
[Round "1"]
1.e4 e5
2.Ng1f3 Nb8c6
3.Bf1c4 h6
4.d4 exd4
5.Nf3xd4 Qd8f6
6.Nd4xc6 bxc6
7.c3 Bf8c5
8.Qd1e2 Ng8e7
9.Bc1e3 Bc5d6
10.Nb1d2 Ne7g6
11.Qe2f3 Qf6e7
12.Qf3e2 a5
13.a4 Ng6e5
14.b3 Qe7f6
15.f4 Ne5xc4
16.bxc4 Bd6xf4
17.O-O g5
18.Be3d4 Qf6d6
19.Bd4xh8 Bf4xh2
20.Kh1 Bh2g3
21.Qe2h5 Qd6f8
22.Bh8d4 d6
23.Rf1f6 Bg3e5
24.Bd4xe5 dxe5
25.Rf6xh6 Qf8g7
26.Ra1f1 Bc8e6
27.Rh6h8 { resign }
1-0

[Event "Tourn. n9664"]
[Site "www.chess-mail.com"]
[Date "2017.12.19"]
[Round "1"]
[White "Bojan"]
[Black "Fantomas"]
[WhiteElo "2110"]
[BlackElo "2210"]
[Result "0-1"]
[Round "1"]
1.e4 e5
2.Ng1f3 Nb8c6
3.c3 d5
4.Qd1c2 dxe4
5.Qc2xe4 Ng8f6
6.Qe4c2 Bf8c5
7.h3 O-O
8.d3 e4
9.Nf3h2 Rf8e8
10.d4 Bc5e7
11.Bc1e3 Bc8f5
12.Nb1d2 Bf5g6
13.Bf1e2 Be7d6
14.Nh2g4 Nf6d5
15.Nd2c4 Nd5xe3
16.Ng4xe3 Bd6f4
17.g3 Bf4xe3
18.fxe3 Nc6e7
19.g4 Ne7d5
20.Kd2 b5
21.Nc4a5 Nd5xe3
22.Qc2b3 Ne3c4
23.Na5xc4 bxc4
24.Qb3xc4 e3
25.Kd1 Bg6e4
26.Rh1f1 Be4d5
27.Qc4d3 Bd5g2
28.Rf1f4 g5
29.Rf4f5 Bg2e4
30.Qd3b5 Be4xf5
31.Qb5xf5 Qd8e7
32.Kc2 Ra8d8
33.Ra1h1 Qe7e4
34.Qf5xe4 Re8xe4
35.Kd3 Rd8e8
36.Be2f3 Re4f4
37.Ke2 Kg7
38.b3 f5
39.gxf5 Rf4xf5
40.Rh1g1 Kf6
41.Rg1g3 Rf5f4
42.d5 Re8e5
43.c4 Rf4d4
44.Ke1 Rd4d2
45.a4 Rd2b2
46.Bf3d1 e2
47.Rg3f3 Kg6
{ resign }
0-1

[Event "Tourn. n9657"]
[Site "www.chess-mail.com"]
[Date "2017.12.19"]
[Round "1"]
[White "Aljekiene"]
[Black "Picifarkinca"]
[WhiteElo "1799"]
[BlackElo "1650"]
[Result "1-0"]
[Round "1"]
1.e4 e5
2.Ng1f3 d6
3.d4 f5
4.Nb1c3 Qd8e7
5.Bc1g5 Ng8f6
6.Nc3d5 Qe7f7
7.Bf1c4 fxe4
8.Nd5xf6 { resign }
1-0

[Event "Tourn. n9657"]
[Site "www.chess-mail.com"]
[Date "2017.12.19"]
[Round "1"]
[White "Picifarkinca"]
[Black "Caspito"]
[WhiteElo "1650"]
[BlackElo "1890"]
[Result "0-1"]
[Round "1"]
1.d4 d5
2.c4 Ng8f6
3.cxd5 Nf6xd5
4.e4 Nd5b6
5.Nb1c3 e6
6.Bf1b5 Bc8d7
7.Bb5d3 Bf8b4
8.Ng1f3 Nb8c6
9.O-O O-O
10.Bc1e3 Nc6a5
11.e5 Bb4xc3
12.bxc3 Na5c4
13.Qd1c1 Bd7b5
14.Ra1b1 a6
15.Be3g5 Qd8d5
16.Rf1e1 c5
17.Bd3e4 Qd5d7
18.Re1d1 cxd4
19.Rd1xd4 Qd7c7
20.Qc1d1 Nb6a4
21.Rb1xb5 axb5
22.Rd4d7 Qc7a5
23.Bg5e7 Na4xc3
24.Qd1c2 Rf8e8
25.Be4xb7 Qa5xa2
{ resign }
0-1

[Event "Tourn. n9517"]
[Site "www.chess-mail.com"]
[Date "2017.12.19"]
[Round "1"]
[White "Attatroll"]
[Black "Falcoale"]
[WhiteElo "1990"]
[BlackElo "1960"]
[Result "0-1"]
[Round "1"]
1.e4 c5
2.Nb1c3 Nb8c6
3.g4 g6
4.Bf1g2 Bf8g7
5.h3 e6
6.d3 Ng8e7
7.Nc3e2 O-O
8.Ng1f3 f5
9.exf5 exf5
10.gxf5 Ne7xf5
11.O-O Nf5d4
12.Ne2xd4 Nc6xd4
13.Nf3xd4 Bg7xd4
14.Bc1h6 Bd4g7
15.Bh6xg7 Kxg7
16.Qd1d2 Ra8b8
17.Qd2c3 Rf8f6
18.Ra1e1 d5
19.Bg2xd5 Bc8xh3
20.Re1e3 Bh3xf1
21.Kxf1 b6
22.Bd5e4 Qd8f8
23.Re3f3 Qf8e7
24.Kg2 Rb8f8
25.Kg3 Kh6
26.Qc3d2 g5
27.Kg2 Rf6xf3
28.Be4xf3 Qe7f6
29.Qd2e3 Qf6xb2
30.Bf3e4 Qb2xc2
31.Qe3h3 Kg7
32.Qh3xh7 Kf6
33.Qh7g6 Ke7
34.Qg6xg5 Rf8f6
35.Qg5e5 Kf7
36.Qe5g3 Qc2b2
37.Be4d5 Ke7
38.Qg3c7 Kf8
39.Qc7d8 Kg7
40.Qd8g8 Kh6
41.Qg8h8 Kg5
42.Qh8g7 Kf5
43.Bd5e4 Ke5
44.Qg7g5 Kd6
45.Qg5d5 Ke7
46.Qd5b7 Kf8
47.Qb7b8 Kg7
48.Qb8xa7 Kh6
49.Qa7h7 Kg5
50.Qh7g7 Kh4
51.Qg7g3 Kh5
52.Qg3h3 Kg5
53.Qh3g3 Kh6
54.Qg3h4 Kg7
55.Qh4h7 Kf8
56.Qh7h8 Ke7
57.Qh8g7 Kd6
58.Qg7g3 Qb2e5
59.Qg3g8 Qe5d4
60.Qg8d8 Ke5
61.Qd8b8 Qd4d6
62.Qb8e8 Kf4
63.Be4h7 Qd6d5
64.Qe8e4 Qd5xe4
65.Bh7xe4 Ke5
66.f3 Kd4
67.Kf2 Kc3
68.a4 Kb4
69.Ke3 Kxa4
70.Kd2 b5
71.Kc3 b4
72.Kb2 Rf6h6
73.Be4d5 Rh6h2
74.Kc1 Ka3
75.Bd5c4 b3
{ resign }
0-1

[Event "Tourn. n9557"]
[Site "www.chess-mail.com"]
[Date "2017.12.19"]
[Round "1"]
[White "Tartan"]
[Black "Gvladutz"]
[WhiteElo "2490"]
[BlackElo "2490"]
[Result "1/2-1/2"]
[Round "1"]
1.e4 e5
2.Ng1f3 Nb8c6
3.Bf1b5 Bf8c5
4.c3 Bc5b6
5.O-O Ng8e7
6.d4 exd4
7.cxd4 d5
8.exd5 Ne7xd5
9.Rf1e1 Bc8e6
10.Bc1g5 Qd8d6
11.Nb1d2 f6
12.Qd1e2 O-O
13.Nd2c4 Qd6d7
14.Qe2xe6 Qd7xe6
15.Re1xe6 fxg5
16.Bb5xc6 bxc6
17.Ra1d1 Nd5f4
18.Re6e4 Ra8d8
19.Kf1 h6
20.a4 a5
21.Re4e1 Rf8f6
22.Nc4e5 Rf6d6
23.Ne5c4 Rd6f6
24.Nc4e5 Rf6d6
25.Ne5c4 Rd6f6
{ draw }
1/2-1/2

[Event "Tourn. n9585"]
[Site "www.chess-mail.com"]
[Date "2017.12.19"]
[Round "1"]
[White "Osopanda"]
[Black "Begory"]
[WhiteElo "1630"]
[BlackElo "1620"]
[Result "0-1"]
[Round "1"]
1.d4 d5
2.c4 Bc8f5
3.Nb1c3 Ng8f6
4.cxd5 Nf6xd5
5.Ng1f3 Nd5xc3
6.bxc3 Nb8c6
7.g3 e6
8.Bf1g2 Bf8d6
9.O-O e5
10.d5 Nc6e7
11.e4 Bf5g4
12.h3 Bg4d7
13.Bc1g5 f6
14.Bg5e3 Bd7b5
15.Rf1e1 c6
16.dxc6 Bb5xc6
17.Nf3h4 O-O
18.Qd1b3 Kh8
19.Ra1d1 a5
20.Nh4f5 Ne7xf5
21.exf5 a4
22.Qb3c2 Bc6xg2
23.Kxg2 Qd8c7
24.f4 exf4
25.Be3xf4 Bd6xf4
26.gxf4 Qc7xf4
27.Rd1d4 Qf4g5
28.Rd4g4 Qg5h6
29.Re1e7 Ra8d8
30.Qc2e4 Qh6d2
31.Kg3 Qd2xc3
32.Kh4 Qc3c6
33.Qe4xc6 { time. }
0-1

[Event "Tourn. n9633"]
[Site "www.chess-mail.com"]
[Date "2017.12.19"]
[Round "1"]
[White "Caroluigi"]
[Black "Begory"]
[WhiteElo "1449"]
[BlackElo "1500"]
[Result "0-1"]
[Round "1"]
1.e4 e5
2.Ng1f3 Nb8c6
3.Bf1c4 h6
4.Nb1c3 Bf8c5
5.d3 Ng8f6
6.Bc1e3 Bc5b4
7.a3 Bb4xc3
8.bxc3 O-O
9.Qd1d2 d6
10.h3 d5
11.exd5 Nf6xd5
 { time }
0-1

[Event "Tourn. n9617"]
[Site "www.chess-mail.com"]
[Date "2017.12.19"]
[Round "1"]
[White "Coolant"]
[Black "Seger"]
[WhiteElo "2360"]
[BlackElo "2770"]
[Result "0-1"]
[Round "1"]
1.d4 d5
2.c4 c5
3.Ng1f3 dxc4
4.Nb1c3 cxd4
5.Qd1xd4 Qd8xd4
6.Nf3xd4 Nb8c6
7.Nd4b5 Ra8b8
8.Bc1f4 e5
9.Bf4g3 h5
10.h4 a6
11.Nb5c7 Kd8
12.Nc7d5 b5
13.O-O-O Ng8e7
14.f4 Ne7xd5
15.Rd1xd5 Kc7
16.fxe5 Bc8e6
17.Rd5d2 Bf8c5
18.Nc3d5 Be6xd5
19.Rd2xd5 Bc5e3
20.Kd1 Rb8d8
21.Rd5d6 f6
22.Rh1h3 fxe5
23.Rd6xd8 Rh8xd8
24.Kc2 Nc6b4
{ resign }
0-1

[Event "Tourn. n9627"]
[Site "www.chess-mail.com"]
[Date "2017.12.19"]
[Round "1"]
[White "Begory"]
[Black "Caroluigi"]
[WhiteElo "1500"]
[BlackElo "1449"]
[Result "1-0"]
[Round "1"]
1.d4 Ng8f6
2.Bc1f4 d5
3.Nb1c3 c6
4.Ng1f3 e6
5.e3 Bf8d6
6.Bf4xd6 Qd8xd6
7.Bf1d3 Nb8d7
8.O-O h6
9.h3 O-O
10.e4 dxe4
11.Bd3xe4 Rf8e8
12.Rf1e1  { time }
1-0

[Event "Tourn. n9597"]
[Site "www.chess-mail.com"]
[Date "2017.12.19"]
[Round "1"]
[White "Apdash"]
[Black "Tartan"]
[WhiteElo "2270"]
[BlackElo "2600"]
[Result "0-1"]
[Round "1"]
1.d4 Ng8f6
2.c4 e6
3.Nb1c3 Bf8b4
4.Qd1c2 c5
5.dxc5 O-O
6.a3 Bb4xc5
7.Ng1f3 Nb8c6
8.b4 Bc5e7
9.e4 d5
10.cxd5 exd5
11.e5 Nf6d7
12.Bc1f4 g5
13.b5 gxf4
14.bxc6 bxc6
15.Bf1d3 f6
16.Bd3xh7 Kh8
17.e6 Nd7e5
18.Bh7f5 Ne5xf3
19.gxf3 Qd8d6
20.O-O Bc8xe6
21.Rf1e1 Rf8g8
22.Kh1 Be6f7
23.Re1g1 Rg8g5
24.Rg1g4 Bf7h5
25.Rg4h4 Kg7
26.Bf5g4 Bh5g6
27.Qc2d2 f5
28.Bg4h3 Be7f6
29.Rh4xf4 Ra8h8
30.Nc3e4 fxe4
31.Rf4xf6 Qd6xf6
{ resign }
0-1

[Event "Tourn. n9638"]
[Site "www.chess-mail.com"]
[Date "2017.12.19"]
[Round "1"]
[White "Osopanda"]
[Black "Passaroa25"]
[WhiteElo "1800"]
[BlackElo "1680"]
[Result "0-1"]
[Round "1"]
1.e4 Nb8c6
2.Ng1f3 d6
3.d4 Bc8g4
4.Bc1e3 Bg4h5
5.Bf1e2 f6
6.O-O Bh5f7
7.c4 e6
8.Nb1c3 { time. }
0-1

[Event "Tourn. n9652"]
[Site "www.chess-mail.com"]
[Date "2017.12.19"]
[Round "1"]
[White "Prize64"]
[Black "Apdash"]
[WhiteElo "2130"]
[BlackElo "2230"]
[Result "0-1"]
[Round "1"]
1.e4 c5
2.c3 g6
3.Ng1f3 Bf8g7
4.d4 cxd4
5.Nf3xd4 d6
6.Bc1e3 e5
7.Nd4b3 Bc8e6
8.c4 Ng8f6
9.Nb1c3 Nf6g4
10.Be3c1 Qd8b6
11.Qd1c2 Nb8c6
12.h3 Ng4f6
13.Bc1e3 Nc6d4
14.Nb3xd4 exd4
15.Nc3a4 Qb6a5
16.Be3d2 Qa5c7
17.Ra1b1 b5
{ resign }
0-1

[Event "Tourn. n9652"]
[Site "www.chess-mail.com"]
[Date "2017.12.19"]
[Round "1"]
[White "Pangloss"]
[Black "Prize64"]
[WhiteElo "2159"]
[BlackElo "2130"]
[Result "1-0"]
[Round "1"]
1.e4 c5
2.Ng1f3 e6
3.d4 cxd4
4.Nf3xd4 Nb8c6
5.Nb1c3 Qd8c7
6.f4 a6
7.Bf1e2 Ng8f6
8.Bc1e3 Bf8b4
9.Be2f3 d6
10.O-O Bc8d7
11.Nc3a4 Nc6xd4
12.Qd1xd4 Qc7xc2
13.Qd4xb4 Qc2xa4
14.Qb4xd6 Nf6xe4
15.Bf3xe4 Qa4xe4
16.Be3c5 O-O-O
17.Bc5b6 { resign }
1-0

[Event "Tourn. n9583"]
[Site "www.chess-mail.com"]
[Date "2017.12.19"]
[Round "1"]
[White "Roque1"]
[Black "Claymil"]
[WhiteElo "1840"]
[BlackElo "2060"]
[Result "0-1"]
[Round "1"]
1.e4 c5
2.Ng1f3 Nb8c6
3.Bf1e2 g6
4.O-O Bf8g7
5.Nb1c3 e6
6.d3 h6
7.Bc1e3 b6
8.Qd1d2 d5
9.d4 c4
10.b3 cxb3
11.axb3 dxe4
12.Nc3xe4 Bc8b7
13.Be2b5 a6
14.Bb5c4 Ng8e7
15.Ra1d1 Ne7f5
16.Rf1e1 O-O
17.c3 b5
18.Bc4e2 Nf5xe3
19.Qd2xe3 Ra8c8
20.Ne4c5 Qd8e7
21.Rd1d2 Rf8d8
22.Re1d1 Kh7
23.Nc5xb7 Qe7xb7
24.d5 exd5
25.Rd2xd5 Rd8xd5
26.Rd1xd5 Nc6e7
27.Rd5d3 Ne7f5
28.Qe3f4 { time. }
0-1

[Event "Tourn. n9628"]
[Site "www.chess-mail.com"]
[Date "2017.12.19"]
[Round "1"]
[White "Joaodelisboa"]
[Black "Andychesston"]
[WhiteElo "2170"]
[BlackElo "2000"]
[Result "1-0"]
[Round "1"]
1.d4 d5
2.c4 Ng8f6
3.e3 Nb8c6
4.Nb1c3 e5
5.dxe5 Nc6xe5
6.cxd5 Bf8b4
7.Qd1a4 Bc8d7
8.Qa4xb4 b6
9.Bf1e2 a5
10.Qb4d4 Qd8e7
11.Ng1f3 Ne5xf3
12.Be2xf3 Ra8d8
13.e4 O-O
14.Bc1g5 c5
15.Qd4c4 Qe7e5
16.Bg5h4 Rd8c8
17.O-O Nf6g4
18.Bh4g3 Qe5d4
19.Qc4e2 f5
20.e5 Bd7e8
21.Ra1d1 Qd4b4
22.d6 Be8c6
23.Bf3xc6 Rc8xc6
24.d7 Rf8d8
25.Bg3h4 Qb4f4
26.g3 Qf4h6
27.Rd1d6 Rc6xd6
28.exd6 Rd8f8
29.f3 g5
30.fxg4 gxh4
31.Rf1xf5 Qh6xd6
32.Rf5xf8 { resign }
1-0